Statistics for Skyscrapers! Z

Click here to take the quiz!

General Stats

  • This quiz has been taken 34 times
  • The average score is 12 of 20

Answer Stats

HintAnswer% Correct
What is the name of the world’s tallest skyscraper?Burj Khalifa
100%
Where will you find the 442m Willis Tower?Chicago
100%
Which city is home to the Burj Al Arab?Dubai
100%
Which city is home to the Petronas Twin Towers?Kuala Lumpur
100%
Which Middle Eastern country is home to Al Hamra Tower?Kuwait
100%
What’s in the horizontal section of Marina Bay Sands in Singapore?150 M Pool
80%
In which city can you see The China Zun?Beijing
80%
In which city in Saudi Arabia will you find Makkah Royal Clock Tower?Mecca
80%
When was the Shanghai Tower built?2015
60%
In which Swedish city will you find the Turning Torso?Malmö
60%
The Iconic Tower is the tallest building in Africa. Where is it?New Administrative Capital
60%
What is the tallest building in Australia?Q1
60%
Lotte World Tower is known for its Sky Bridge, which is 541m above street level. Which country is it in?South Korea
60%
How many floors does Taipei’s tallest skyscraper, once the tallest in the world, have?101
40%
Where is Latin America’s tallest skyscraper, which is part of Torres Obispado or Bishop’s Towers?Mexico
40%
City Question: What is the most populated city in the western hemisphere?São Paulo
40%
What is the nickname of Shanghai World Financial Center?The Bottle Opener
20%
The One World Trade Centre in New York is the tallest building in the US. How tall is it?1776 Feet
0%
Umeda Sky Building in Osaka has the world’s highest what?Glass Escalator
0%
Where can you find this tower, which is shaped like a fish tail?Macau
0%

Score Distribution

Percentile by Number Answered

Percent of People with Each Score

Your Score History

You have not taken this quiz